Hóa học môi trường

Nội dung cuốn sách đề cập những vấn đề cơ bản nhất của hóa học môi trường như một số khái niệm và định nghĩa, hệ sinh thái, cơ sở hóa học môi trường, cấu trúc thành phần khí quyển, địa quyển, thuỷ quyển và các vòng tuần hoàn trong...

ver descrição completa

Na minha lista:
Detalhes bibliográficos
Autor principal: Đặng, Kim Chi
Formato: Livro
Idioma:Undetermined
Publicado em: Hà Nội Khoa học và Kỹ thuật 2008
Assuntos:
Tags: Adicionar Tag
Sem tags, seja o primeiro a adicionar uma tag!
Thư viện lưu trữ: Trung tâm Học liệu Trường Đại học Cần Thơ
LEADER 01187nam a2200241Ia 4500
001 CTU_141944
008 210402s9999 xx 000 0 und d
020 |c 45000 
082 |a 577.14 
082 |b Ch300 
100 |a Đặng, Kim Chi 
245 0 |a Hóa học môi trường 
245 0 |c Đặng Kim Chi 
260 |a Hà Nội 
260 |b Khoa học và Kỹ thuật 
260 |c 2008 
520 |a Nội dung cuốn sách đề cập những vấn đề cơ bản nhất của hóa học môi trường như một số khái niệm và định nghĩa, hệ sinh thái, cơ sở hóa học môi trường, cấu trúc thành phần khí quyển, địa quyển, thuỷ quyển và các vòng tuần hoàn trong tự nhiên... 
526 |a Phân tích và đánh giá hóa lý nước,Hóa môi trường 
526 |b MT668,TN437 
650 |a Environmental chemistry,Pollution,Hóa học môi trường,Ô nhiễm 
650 |x Evironmental aspects,Tác động môi trường 
904 |i QHieu 
980 |a Trung tâm Học liệu Trường Đại học Cần Thơ